Statistics for The Human Body by letter - E

Click here to take the quiz!

General Stats

  • This quiz has been taken 862 times
  • The average score is 11 of 14

Answer Stats

Hint Answer % Correct
The Organ of SightEye
100%
The Organ of HearingEar
100%
Area of Delicate Hairs above the EyeEyebrow
90%
Protects the Eye from DebrisEyelash
89%
Thin Skin that 'Closes' and 'Opens' the eye and BlinksEyelid
88%
Outermost layer of SkinEpidermis
88%
The Hard Surface of Teeth is made from this MaterialEnamel
86%
Where the Humerus meets the Radius and the UlnaElbow
77%
Muscular tube that is part of the Digestive SystemEsophagus
74%
Body System that secretes HormonesEndocrine System
74%
Seperates the External and Middle Ear, transfers SoundEardrum
66%
Visible part of the EarEarlobe
66%
Covers the Larynx when SwallowingEpiglottis
49%
Another name for the OrbitEye-Socket
37%

Score Distribution

Percentile by Number Answered

Percent of People with Each Score

Your Score History

You have not taken this quiz